000 00720cam a2200205 a 4500
001 13981149
005 20171122103241.0
008 050525s2002 tu b 000 0 eng
020 _a9789699195099
040 _cPK-LaUMT
082 _aTRC 956.1024
_bBOZ-U
100 1 _aBozdag, Ismet
245 1 0 _aUniversal dimensions of Atatürk /
_cİsmet Bozdağ ; translated from the Turkish by Masud Akhtar Shaikh.
260 _aIslamabad :
_bMasud Publishers,
_c2011
300 _a182 p. ;
_c20 cm.
490 1 _aPublications of the Republic of Turkey Ministry of Culture ;
_v2863.
_aDirectorate of Publications.
_aRepublic library series ;
_v24
500 _aTranslated from Turkish.
650 0 _aKemalism.
942 _cTRC
999 _c100173
_d100173